000 00743nam a22002057a 4500
005 20100823142259.0
010 _aENG-101354
020 _a9788183333450
_c225.00
035 _aEN-84887
037 _bDBAD/PUB
082 _a005.42
245 _a'O' level made simple application of net technology /
_cby Satish Jain...[et.al]
260 _aNew Delhi
_bBPB Publications
_c2010
270 _aB-14 Connaught Place
_bNew Delhi
_e1
300 _axv,288p.
_c28cm (pbk)
500 _aincludes index
650 _aComputer Assembly & Operation
_916944
942 _2ddc
_cEN
_h005.42
_mOLE
999 _c43002
_d43002